000 00441pab a2200157 454500
008 180718b2017 xxu||||| |||| 00| 0 eng d
100 _aMallampalli, Chandra
245 _aSlaying men with faces of women: liberalism and patronage in the trial of a South Indian Maulvi, 1839-40
260 _c2017
300 _ap.825-866.
362 _aMay
650 _aWomen
650 _aMuslims
773 _aModern Asian Studies
909 _a115758
999 _c115752
_d115752